The Duchess of Malfi / (Record no. 23)

MARC details
000 -LEADER
fixed length control field 01024cam a22002894a 4500
001 - CONTROL NUMBER
control field 16326299
005 - DATE AND TIME OF LATEST TRANSACTION
control field 20200421093816.0
008 - FIXED-LENGTH DATA ELEMENTS--GENERAL INFORMATION
fixed length control field 100702s2009 enka b 001 0 eng
010 ## - LIBRARY OF CONGRESS CONTROL NUMBER
LC control number 2010497538
020 ## - INTERNATIONAL STANDARD BOOK NUMBER
International Standard Book Number 9781408119488 (hbk.)
020 ## - INTERNATIONAL STANDARD BOOK NUMBER
International Standard Book Number 9781904271512 (pbk.)
040 ## - CATALOGING SOURCE
Original cataloging agency DLC
Transcribing agency DLC
050 00 - LIBRARY OF CONGRESS CALL NUMBER
Classification number PR3184
Item number .D8 2009
100 1# - MAIN ENTRY--PERSONAL NAME
Personal name Webster, John,
Dates associated with a name 1580?-1625?
9 (RLIN) 576
245 14 - TITLE STATEMENT
Title The Duchess of Malfi /
Statement of responsibility, etc. John Webster ; edited by Leah S. Marcus
260 ## - PUBLICATION, DISTRIBUTION, ETC.
Place of publication, distribution, etc. London :
Name of publisher, distributor, etc. Arden Shakespeare,
Date of publication, distribution, etc. 2009.
300 ## - PHYSICAL DESCRIPTION
Extent xviii, 430 p. :
Other physical details ill. ;
Dimensions 21 cm.
490 0# - SERIES STATEMENT
Series statement Arden early modern drama
504 ## - BIBLIOGRAPHY, ETC. NOTE
Bibliography, etc. note Includes bibliographical references (p. 406-420) and index.
600 10 - SUBJECT ADDED ENTRY--PERSONAL NAME
Personal name Webster, John,
Dates associated with a name 1580?-1625?
Title of a work Duchess of Malfi.
9 (RLIN) 577
650 #0 - SUBJECT ADDED ENTRY--TOPICAL TERM
Topical term or geographic name entry element Brothers and sisters
Form subdivision Drama.
9 (RLIN) 1514
650 #0 - SUBJECT ADDED ENTRY--TOPICAL TERM
Topical term or geographic name entry element Retribution
Form subdivision Drama
9 (RLIN) 578
700 1# - ADDED ENTRY--PERSONAL NAME
Personal name Marcus, Leah S.
Fuller form of name (Leah Sinanoglou)
9 (RLIN) 579
906 ## - LOCAL DATA ELEMENT F, LDF (RLIN)
a 7
b cbc
c origcop
d 3
e ncip
f 20
g y-gencatlg
942 ## - ADDED ENTRY ELEMENTS (KOHA)
Source of classification or shelving scheme Dewey Decimal Classification
Koha item type Books
Holdings
Withdrawn status Lost status Damaged status Not for loan Collection Home library Current library Shelving location Date acquired Barcode Date last seen Price effective from Koha item type
        Reference Centerville Centerville General stacks 09/04/2014 39999000001037 09/04/2014 09/04/2014 Books
        Reference Fairview Fairview General stacks 09/04/2014 39999000000993 09/04/2014 09/04/2014 Books
        Reference Fairview Fairview General stacks 09/04/2014 39999000001013 09/04/2014 09/04/2014 Books
        Reference Midway Midway General stacks 09/04/2014 39999000000979 09/04/2014 09/04/2014 Books